[Event "Noyabrsk"]
[Site "Noyabrsk"]
[Date "1995.??.??"]
[Round "8"]
[White "Prokopchuk, Evgeny"]
[Black "Drozdov, Igor"]
[Result "1/2-1/2"]
[WhiteElo "2390"]
[BlackElo "2425"]
[Annotator "Ribli,Z"]
[PlyCount "80"]
[EventDate "1995.05.??"]
[EventType "tourn"]
[EventRounds "11"]
[EventCountry "RUS"]
[EventCategory "10"]
[SourceTitle "CBM 048"]
[Source "ChessBase"]
[SourceDate "1995.10.01"]
[SourceVersion "1"]
[SourceVersionDate "1995.10.01"]
[SourceQuality "1"]

1. d4 Nf6 2. c4 d6 3. Nc3 Nbd7 4. e4 e5 5. Nf3 Be7 6. Be2 O-O 7. O-O c6 8. Qc2
a6 9. Rd1 Qc7 10. Bg5 Re8 11. Rac1 (11. Rd2 $5 h6 12. Bh4 Nf8 13. c5 $5 $13 {
Kozul,Z-Lobron,E/Vidmar-mem/1989/CBM14/}) 11... Nf8 (11... b6 12. Bh4 Bb7 13.
c5 $5 $44 {Yusupov,A-Christiansen,L/GER-CupT/1993/EXP/35/INF57,72/}) (11... h6
12. Bh4 Nf8 13. c5 $5 exd4 14. cxd6 Bxd6 15. Rxd4 Ng4 16. Bg3 Bxg3 17. hxg3 Qe7
18. Qd2 $14 {Filippov,V-Genba,V/RUS-chJ Moscow/1995/CBM46/}) 12. d5 (12. c5
exd4 13. cxd6 Bxd6 14. Bxf6 dxc3 15. Bxc3 Bf4 16. Rb1 Bg4 $10 {Delchev,
A-Manolov,I/Elenite-B/1994/EXP43/}) 12... h6 (12... c5 13. Ne1 $5 (13. a3 h6 $5
14. Bxf6 (14. Bd2 $5) 14... Bxf6 15. b4 b6 16. bxc5 bxc5 17. Rb1 Bd7 18. Rb2
Reb8 19. Rdb1 Bd8 $13 {Krings,C-Hickl,J/Eupen op/1993/EXP33/}) 13... Bd7 14. a3
Reb8 15. b4 $14 {Dao Thien Hai-Anic,D/Budapest ExpFS OctGM/1993/CBM38/}) 13.
Bd2 cxd5 $6 {Diese neue Idee gefaellt mir nicht.} 14. Nxd5 $1 Nxd5 15. cxd5
Qxc2 16. Rxc2 Bd7 17. Rc7 $14 {Weiss herrscht die c-Linie.} Reb8 18. Bb4 $1 a5
$2 (18... f6 $5 19. Nh4 $14) 19. Ba3 {Die schwarze Stellung sieht sehr
kritisch aus.} b5 $6 {[#]} (19... f6 20. Bb5 $1 Bxb5 21. Rxe7 Ra6 22. Rc1 $16)
20. Nxe5 $1 {Eine unangenehme Ueberraschung.} b4 (20... dxe5 21. Bxe7 $18) 21.
Nxd7 Nxd7 22. Rxd7 Bf6 {Schwarz koennte den dP mit 22...Bf8 behalten, dann
bleibt fuer ihn nicht nur zwei Bauern weniger sondern auch eine passive
Stellung.} (22... Bd8 $5) 23. Rxd6 bxa3 24. bxa3 Rb2 25. Bc4 Rab8 26. f4 $6 (
26. g3 $5 Bd8 27. Rd3 Bb6 28. Rf3 $18) 26... Bd8 $1 27. e5 Bb6+ 28. Rxb6 (28.
Kh1 Be3 29. Rf1 (29. g3 $2 Rf2 $44) 29... Rd2 {Droht Rbb2.}) 28... R8xb6 29. d6
Rb8 30. f5 $6 {Jetzt kann Schwarz die Partie retten.} (30. d7 $5) (30. h4 $5)
30... Rb1 $1 31. Rxb1 Rxb1+ 32. Kf2 Kf8 33. Ke3 f6 $1 34. e6 Rb6 $1 35. d7 Rd6
36. Bd3 Ke7 {Schwarz baut eine Festung.} 37. Kd2 Rc6 38. Be4 Rc4 39. Bc2 h5 40.
h3 h4 {Weiss hat eine klare Gewinnstellung verspielt.} 1/2-1/2

[Event "Chigorin Memorial 07th"]
[Site "St Petersburg"]
[Date "1999.11.10"]
[Round "9"]
[White "Dvoirys, Semen I"]
[Black "Malaniuk, Vladimir P"]
[Result "1-0"]
[WhiteElo "2590"]
[BlackElo "2525"]
[Annotator "Ribli,Z"]
[PlyCount "90"]
[EventDate "1999.11.02"]
[EventType "swiss"]
[EventRounds "9"]
[EventCountry "RUS"]
[SourceTitle "CBM 074"]
[Source "ChessBase"]
[SourceDate "2000.02.01"]
[SourceVersion "1"]
[SourceVersionDate "2000.02.01"]
[SourceQuality "1"]

{[%mdl 3072] Meulders} 1. Nf3 {Das ist eine Überraschung - der russische
Grossmeister spielt sonst praktisch immer 1.e4.} Nf6 {Malaniuk hat Angst vor
der Vorbereitung des Gegners und spielt nicht seine Lieblingsvariante - das
Qe8-System in der Holländischen Verteidigung.} 2. c4 d6 3. d4 Nbd7 4. g3 e5 5.
Bg2 Be7 6. O-O O-O 7. Nc3 {Die Altindische Verteidigung ist ein wenig passiver
als "sein Bruder", die Königsindische Verteidigung. In diesem Fall hat Schwarz
- mit der e7-Läuferstellung - weniger Gegenspiel.} c6 8. Qc2 Re8 9. b3 Bf8 10.
e4 {Mit diesem Zug bekommt Weiss ähnliche Stellungen, wie in der Variante 4.e4.
} (10. Bb2 a6 11. e3 Qc7 12. Rac1 b6 13. Rfd1 Bb7 14. Rd2 exd4 15. Nxd4 b5 16.
cxb5 c5 17. Nf3 Ne4 18. bxa6 Rxa6 19. Rdd1 $14 {Portisch,L-Vaganian,R/
Montpellier (ct) 1985/Inf 40 (19)}) 10... a6 11. Rd1 {[%cal Gd1d8]} Qc7 12. Bb2
b6 $6 {Es ist verständlich, dass Schwarz den c8-Läufer entwickeln möchte, aber
diese Fortsetzung scheint mir zu passiv zu sein.} (12... b5 13. Rac1 Bb7 (13...
bxc4 14. bxc4 Rb8 15. d5 c5 16. Rb1 Nb6 17. Nd2 Bd7 18. Bf1 g6 19. Nb3 Bh6 $11
{1-0 Onischuk,A-Averkin,O/Simferopol 1989/EXT 97 (56)}) 14. cxb5 cxb5 15. Qb1 (
15. Qe2 Qb8 16. dxe5 dxe5 17. Nd5 Nxd5 18. exd5 {'+/=' Meulders. Meulders: '1/
2-1/2 Baburin,A-Espig,L/Liechtenstein 1992/EXT 99 (21)'} Bd6 19. Nh4 g6 20. Qg4
Qd8 21. Nf3 {1/2-1/2 Baburin,A-Espig,L/Liechtenstein 1992/EXT 99 (21)}) 15...
Qb6 (15... Qa5 {Meulders} 16. d5 Nc5 17. Nd2 b4 18. Nc4 Qd8 19. Ne2 a5 $11 {
0-1 Birnboim,N-Day,L/Saint John 1988/CBM 06 (46) /=+}) 16. Rd2 Rac8 17. d5 g6
18. Nd1 Nc5 19. Ng5 Bh6 20. h4 a5 21. Ne3 Bg7 22. Ba3 h6 23. Nh3 {1-0 Petek
Medic,M-Dengler,D/Pula 1997/EXT 98 (69)}) 13. Rac1 {[%cal Gc1c7]} Bb7 14. Qd2 (
14. d5 $14) 14... Rad8 15. Re1 $6 {Das weiße Spiel scheint gekünstelt zu sein.}
({Ich glaube, es wäre besser die Stellung mit} 15. d5 $14 {zu schließen.})
15... Qb8 16. a4 {Weiss hat noch keine konkreten Drohungen, aber großen
Raumvorteil.} b5 $5 $132 {[%cal Gb7e4] Wegen der Schwächung des e4-Punktes
kann Schwarz diesen Zug ausführen.} 17. axb5 axb5 18. cxb5 cxb5 19. Ba3 $6 (19.
d5 Nc5 {[%csl Rb3,Rc1,Rd2][%cal Rc5b3]} 20. Qc2 b4 $13) 19... Ba8 $6 {[%cal
Rb5b4,Rb4a3,Rb4c3] Schwarz spielt eine "sichere", aber passive Fortsetzung und
benutzt nicht seine taktischen Gegenchancen.} (19... Qa8 $5 $13 {[%cal Ra8a3,
Ra8e4]}) (19... Bxe4 $5 20. Bxd6 $13) 20. Bb4 $14 {[%csl Gb4] '~~' Meulders.
Der b4B hat eine ausgezeichnete Stellung. Meulders: 'Es ist eine dynamische
Stellung entstanden - mit beiderseitigen Chancen.'} exd4 {Jetzt muss Schwarz
so spielen, sonst kann Weiss mit d4-d5 das Zentrum schließen und den b5P
angreifen.} (20... Nc5 $5 {Meulders} 21. Qc2 (21. dxc5 dxc5 $19) 21... Ncxe4
22. dxe5 $1 (22. Nxe4 $2 Bxe4 23. Rxe4 Rc8 24. Bc3 b4 $17) 22... Nxc3 23. exf6
Nd5 24. fxg7 Bxg7 25. Ba5 Rc8 26. Rxe8+ Rxe8 27. Ng5 Nf6 28. Bc7 $14) 21. Nxd4
Nc5 {[%csl Gc5][%cal Rc5e4,Rf6e4,Ra8e4,Re8e4,Gc5b3,Gb3d2,Gb3c1]} 22. Qc2 (22.
f3 $6 Qb6 $132 {[%cal Gb6g1]}) 22... Rc8 {[%csl Rc2][%cal Gc8c2]} 23. Qb1 Qb6 (
23... Na6 $1 {Meulders}) 24. Nd5 $1 {Mit diesem Zug bekommt Weiss die
Kontrolle über das Feld c6, da Schwarz auf d5 nehmen muss.} Bxd5 (24... Nxd5
25. exd5 $14) 25. exd5 {[%csl Yc6][%cal Gd4c6]} Na6 {[%cal Rb6d4,Ra6b4,Ga6c7,
Gc7d5] '!' Meulders.} 26. Rxe8 Rxe8 27. Bc3 {[%csl Gc3,Yc6,Gg2][%cal Gd4c6]
Weiss hat Positionsvorteil - Läuferpaar und starke Kontrolle über das c6-Feld.}
Nc7 {[%csl Rd5][%cal Rc7d5,Rf6d5]} (27... b4 {Meulders} 28. Bb2 Nc7 29. Qf5 Re5
30. Qd3 Nfxd5 31. Nf5 Nc3 32. Bxc3 bxc3 33. Rxc3 $11) 28. Nc6 {[%csl Gc6] '!'
Meulders.} (28. Qf5 {Meulders} Re5 $15) 28... Ncxd5 29. Bd4 $44 {[%csl Gd4,Gg2]
Weiss hat einen Bauern weniger, aber mit starkem Figurenspiel und mit
Läuferpaar hat er mindestens ausreichenden Ersatz.} Qa6 30. Qf5 {[%csl Gc6,Rd5,
Rf6]} Ne7 $6 (30... Qa3 $5) (30... Qa3 $1 $15 {Meulders}) 31. Nxe7+ Bxe7 32.
Bf1 {[%csl Ra6,Rb5][%cal Gf1a6] Mit seinen wirksamen Figuren steht Weiss
aktiver.} d5 33. Rc7 {[%csl Gc7,Gd4,Gf1,Gf5] Das Eindringen des Turms ist sehr
unangenehm für Schwarz.} Bd8 (33... Qd6 34. Rc8 $14) 34. Rc8 {[%cal Gc8g8]} Rf8
$6 {Meulders: 'Ein kleines Zögern, das Weiss in Vorteil bringt.'} (34... g6 35.
Qh3 $44 (35. Qh3 {Meulders} Ba5 36. Rxe8+ Nxe8 37. Qd7 Qe6 38. Qxe6 fxe6 39.
Bxb5 Nd6 40. Ba6 Ne4 {und Schwarz sollte das Endspiel halten können.})) 35. Rb8
$14 {[%csl Ra6,Rb5][%cal Gf1a6]} g6 $2 {Schwarz schwächt von selbst seine
Königsstellung. Meulders: 'Zu spät weil Weiss jetzt Rc8 nicht decken muss und
seine Dame aktiver plazieren kann.'} (35... Qe6 36. Qxe6 fxe6 37. Bxb5 $14) 36.
Qe5 {Meulders: '/\Rxd8+-'} Kg7 $8 (36... Qe6 37. Rxd8 Rxd8 38. Qxf6 Qxf6 39.
Bxf6 $18) (36... Re8 {Meulders} 37. Rxd8) 37. Rxb5 {[%csl Rg7][%cal Rd4g7,
Gf1a6] Meulders: 'Die beiden Läufer, der Freibauer und die Initiative bedeuten
einen grossen Vorteil. Ausserdem ist d5 nicht mehr zu decken.'} Qe6 (37... Kg8
{Meulders} 38. Rxd5 $1 {[%cal Ge5h8]}) 38. Rxd5 {[%cal Gd4g7] '+-!' Meulders.
Weiss gewinnt einen Bauern, da Schwarz wegen der Fesselung auf der a1-h8
Diagonale nicht auf d5 nehmen kann.} Qxe5 39. Bxe5 $16 {Weiss hat einen Bauern
mehr und das Läuferpaar, was - bei guter Technik - genug sein muss zum Gewinn.}
Be7 40. Rb5 {Meulders: 'Noch einige genaue Züge und die Ernte ist eingefahren.'
} Re8 (40... Rd8 41. Kg2 $16 (41. b4 $16) (41. Rb7 $16)) 41. Kg2 Kf8 42. Kf3 {
[%csl Gb5,Ge5,Gf1,Gf3]} Nd7 (42... h5 {[%cal Gf6g4,Gg4h2,Gg4e5]} 43. h3 $16)
43. Bd4 {[%csl Gd4][%cal Gd4a7,Gd4h8] Der zentralisierte Läufer schränkt die
Bewegung des d7-Springers ein.} Rb8 44. Rxb8+ Nxb8 45. Bb5 $18 {[%csl Rb8]
[%cal Rd4e5,Re5b8]} Bd6 {Schwarz gab in hoffnungsloser Stellung auf.} (45...
Bd6 46. Bf6 $18 {[%csl Gb3,Rb8,Rf8][%cal Gf3e4,Ge4d5] Schwarz kann nichts
machen, nur warten und Weiss gewinnt leicht mit seinem b-Freibauer und seinem
aktiven König.}) 1-0

[Event "RUS-ch U18"]
[Site "Moscow"]
[Date "1995.??.??"]
[Round "1"]
[White "Filippov, Valerij"]
[Black "Genba, Vladimir"]
[Result "1-0"]
[WhiteElo "2455"]
[BlackElo "2440"]
[Annotator "Ribli,Z"]
[PlyCount "81"]
[EventDate "1995.??.??"]
[EventType "tourn"]
[EventRounds "11"]
[EventCountry "RUS"]
[EventCategory "8"]
[SourceTitle "CBM 046"]
[Source "ChessBase"]
[SourceDate "1995.06.01"]
[SourceVersion "1"]
[SourceVersionDate "1995.06.01"]
[SourceQuality "1"]

1. Nf3 Nf6 2. c4 d6 3. d4 Nbd7 4. Nc3 e5 5. e4 Be7 6. Be2 O-O 7. O-O c6 8. Qc2
a6 9. Rd1 Qc7 10. Bg5 Re8 11. Rac1 h6 (11... b6 $6 12. Bh4 Bb7 13. c5 $5 {
Dieser feine Zug ist fuer derartige Stellungen typisch.} exd4 14. cxb6 Qxb6 15.
Nxd4 $14 {Weiss hat guenstige Bauernstruktur und aktive Figurenstellung.
Yusupov,A- Christiansen,L/GER-CupT/1993/EXP35/INF57,72/}) 12. Bh4 Nf8 13. c5 $5
{Weiss besitzt noch immer die Initiative.} exd4 14. cxd6 Bxd6 15. Rxd4 Ng4 16.
Bg3 Bxg3 17. hxg3 Qe7 18. Qd2 $1 {Eine Neuerung} (18. Rcd1 Qc5 {Malaniuk
empfiehlt 18...Be6 und 19...Rad8 (=) mit gleicher Stellung.} 19. b4 Qa7 20. Bf1
Be6 21. Na4 $14 {Beliavsky,A-Malaniuk,V/USSR-ch/1986/INF41,64/}) 18... Ne6 {
In Betracht kommt auch 18...Be6!?} 19. Rd6 Nc5 20. Re1 $1 Nf6 {[#]} (20... Nxe4
$2 21. Nxe4 Qxe4 22. Bf1 $18) 21. e5 $1 {Ein originelles Qualitaetsopfer!} Nfe4
22. Qd4 Nxc3 (22... Nxd6 $2 23. exd6 Ne6 24. dxe7 Nxd4 25. Nxd4 $16) 23. bxc3
Ne4 {[#]} (23... Ne6 24. Qd2 $14) 24. Rxh6 $1 {Weiss setzte auf seinen Angriff.
} (24. Bc4 $5 Nxd6 25. exd6 Qd8 (25... Qxe1+ $2 26. Nxe1 Rxe1+ 27. Kh2 Bd7 28.
Qb6 $16) 26. Rxe8+ Qxe8 27. Ne5 Be6 28. d7 Qe7 29. Bxe6 fxe6 30. Qb6 $44 {
Der Anziehende hat schoene Kompensation (d7 Bauer und e5 Springer) fuer die
Qualitaet.}) 24... gxh6 25. Qxe4 Qf8 26. Nd4 Qg7 27. Bc4 Qg4 28. f4 $1 c5 (
28... Qxg3 29. Re3 Qg4 30. Kf2 $1 Qh4+ 31. Rg3+ Kf8 32. Nf3 Qd8 33. Qh7 $18)
29. Nb3 Qxg3 30. Re3 Qg4 31. Nxc5 $1 {Starke Zuege sind oft ganz einfach.
Weiss nimmt den Bauern und wartet.} Bf5 {In einer unbequemen Stellung verliert
Schwarz die Geduld.} 32. Qxb7 Rf8 33. Bxf7+ $1 Kh8 34. Qc6 Qd1+ (34... Qxf4 35.
Qf6+ Kh7 36. Rf3 Qc1+ 37. Kh2 $18) 35. Kh2 Qd8 36. Qxh6+ Bh7 37. e6 (37. Ne6 $1
{Schwarz soll aufgeben.} Rxf7 38. Nxd8 Rxd8 39. e6 $18) 37... Qe7 38. Nd7 Rxf7
39. exf7 Qxf7 40. Nf6 Qg6 41. Qxh7+ {Ribli} 1-0

[Event "RUS-ch U18"]
[Site "Moscow"]
[Date "1995.??.??"]
[Round "6"]
[White "Lugovoi, Aleksei"]
[Black "Genba, Vladimir"]
[Result "1-0"]
[WhiteElo "2485"]
[BlackElo "2440"]
[Annotator "Ribli,Z"]
[PlyCount "81"]
[EventDate "1995.??.??"]
[EventType "tourn"]
[EventRounds "11"]
[EventCountry "RUS"]
[EventCategory "8"]
[SourceTitle "CBM 046"]
[Source "ChessBase"]
[SourceDate "1995.06.01"]
[SourceVersion "1"]
[SourceVersionDate "1995.06.01"]
[SourceQuality "1"]

1. d4 Nf6 2. c4 d6 3. Nc3 e5 4. Nf3 Nbd7 5. e4 Be7 6. Be2 O-O 7. O-O c6 8. Be3
$1 {Diese Variante sieht auch sehr gut fuer den Anzhiehenden.} a6 9. d5 cxd5
10. cxd5 Ne8 (10... b5 $6 {Diese alte Fortsetzung gibt keinen Ausgleich fuer
Schwarz.} 11. Nd2 Ne8 (11... Nb6 12. a4 $1 $14) 12. b4 Bg5 13. Bxg5 Qxg5 14. a4
bxa4 15. Nc4 $14 {Weiss hat eine starke Initiative am Damenfluegel. Stohl,
I-Jones,A/Moscow olm/ 1994/EXP44/}) 11. a4 a5 {Genba verbessert seine Partie.}
(11... g6 12. Nd2 b6 13. Nc4 a5 14. Rb1 $14 {Weiss besitzt noch die Initiative.
Biebinger,G-Genba,V/Groningen op/1994/EXP45/}) 12. Qd2 $1 b6 13. Rab1 $1 {
Dieser Plan taucht in derartigen Stellungen typisch auf.} Nc5 14. b4 axb4 15.
Rxb4 {Weiss verbessert seine Stellung thematisch durch Raumvorteil.} f5 {
Schwarz hofft auf Gegenspiel am Koenigfluegel, waehrend Weiss seinen Raumvor-
teil am Damenfluegel ausbaut.} 16. exf5 Bxf5 17. Ng5 Bxg5 (17... Nf6 18. f4 $1
$36) 18. Bxg5 Nf6 19. f4 $1 {Die richtige Entscheidung, Weiss hat Lauferpaar,
und er soll die Stellung noch weiter oeffnen.} Bd7 (19... exf4 20. Rbxf4 $16)
20. fxe5 dxe5 21. d6 Be6 (21... Nxa4 $2 {Das kostet eine Figur.} 22. Nxa4 Bxa4
23. Qa2+ $18) 22. Rd1 $1 {Er deckt seinen gefaehrliche Freibauern.} h6 23. Bh4
Kh8 24. Qe3 Ncd7 25. Nb5 {Droht (/\) 26.Nc7} Ra5 26. Nc7 Bg8 27. Bb5 Ra7 28.
Rf1 $1 {Schwarz ist positionell ueberspielt, Lugovoi droht jetzt mit (/\)29.
Bd7, 30.Bf6 und 31.Qh6.} Rxc7 {Schwarz sollte diese Qualitaet geben, aber die
Rettungsmoeglichkeiten sind sehr gering.} 29. dxc7 Qxc7 30. Rbb1 Nd5 31. Qh3
N7f6 32. Rbc1 $1 {Ein Turm gehoert auf eine offene Linie.} Qd6 33. Rc6 Qb4 34.
Bxf6 Nxf6 35. Qc3 $1 Qe7 {Der Damentausch ist auch hilflos.} 36. Re1 e4 37.
Rxb6 Ng4 (37... Qa7 38. Qd4 Nd5 $2 39. Rxh6+ $18) 38. h3 Qh4 39. Re2 $1 e3 40.
Qc1 {Weiss koennte auch 40.hg4 (+-) spielen.} Rf3 41. Rb8 {Die Altindische
Verteidigung sieht fuer Schwarz in der letzten Zeit fruchtbar aus. Ribli} 1-0

[Event "Lippstadt"]
[Site "Lippstadt"]
[Date "1994.??.??"]
[Round "3"]
[White "Touzane, Olivier"]
[Black "Hickl, Joerg"]
[Result "0-1"]
[WhiteElo "2330"]
[BlackElo "2535"]
[Annotator "Ribli,Z"]
[PlyCount "70"]
[EventDate "1994.06.??"]
[EventType "tourn"]
[EventRounds "11"]
[EventCountry "GER"]
[EventCategory "8"]
[SourceTitle "CBM 043"]
[Source "ChessBase"]
[SourceDate "1994.12.01"]
[SourceVersion "1"]
[SourceVersionDate "1994.12.01"]
[SourceQuality "1"]

1. d4 d6 2. c4 e5 3. Nc3 Nd7 4. Nf3 c6 5. e4 Ngf6 6. Be2 Be7 7. O-O O-O 8. Be3
a6 9. d5 cxd5 10. cxd5 Ng4 (10... b5 $6 11. Nd2 Nb6 12. a4 $1 $14 {Arkhipov,
S-Hickl,J/Lippstadt/1992/CBM31/}) 11. Bd2 b5 (11... Nb6 $2 12. h3 Nf6 13. Be3
Ne8 14. a4 Nd7 15. a5 $14 {Polgar,Zsu-Larsen,B/Monaco/1994/CBM42/}) 12. Ne1 (
12. b4 $1 Nb6 13. a4 bxa4 14. Nxa4 f5 15. exf5 Bxf5 16. Nc3 Bc8 17. Bd3 $14 {
Nogueiras,J-Zapata,A/Linares op/1993/INF59,92/}) 12... Ngf6 13. Nc2 Nb6 $1 (
13... Nc5 14. f3 Bd7 15. b4 Na4 16. Nxa4 bxa4 17. Na3 $14 {Chekhov,V-Hickl,J/
Deutschland/1992/INF57,73/}) 14. Nb4 Bd7 15. Be3 Rc8 $1 16. Nxa6 Nc4 17. Bxc4 (
17. Nb4 Nxb2 (17... Nxe3 18. fxe3 Qb6 19. Qd2 $14) 18. Qb3 Nc4 19. Bxc4 Rxc4
20. f3 $13) 17... Rxc4 18. a3 (18. Qd3 Qa5 $19) 18... Nxe4 19. Nxe4 Rxe4 20.
Nb4 f5 21. Qd3 Qe8 22. Rac1 Rh4 23. g3 (23. f3 $5 f4 24. Bf2 Rh6 $15) 23... f4
$1 24. gxh4 Bf5 $1 25. Qe2 Qg6+ 26. Kh1 f3 $1 27. Rg1 fxe2 28. Rxg6 Bxg6 29.
Re1 Bh5 30. Kg2 Bxh4 31. Nd3 Bf3+ 32. Kh3 Be7 33. Nc1 h5 $1 34. Rg1 (34. Nxe2
g5 $19) 34... Kh7 35. Nd3 Bxd5 0-1

[Event "USA-ch"]
[Site "USA"]
[Date "1989.??.??"]
[Round "11"]
[White "Gurevich, Dmitry"]
[Black "Gulko, Boris F"]
[Result "1/2-1/2"]
[WhiteElo "2490"]
[BlackElo "2610"]
[Annotator "Ribli,Z"]
[PlyCount "66"]
[EventDate "1989.11.??"]
[EventType "tourn"]
[EventRounds "15"]
[EventCountry "USA"]
[EventCategory "12"]
[SourceTitle "CBM 019"]
[Source "ChessBase"]
[SourceDate "1990.12.01"]
[SourceVersion "1"]
[SourceVersionDate "1990.12.01"]
[SourceQuality "1"]

1. Nf3 d6 2. d4 Nf6 3. c4 Nbd7 4. Nc3 c6 5. e4 e5 6. Be2 Be7 7. O-O a6 8. Qc2
O-O 9. Rd1 Qc7 10. a3 (10. d5 Rb8 11. Ne1 Re8 12. Be3 Nf8 13. b4 cxd5 14. exd5
{Krasenkov,M-Balashov,Y URS sf Moscow ch 1989 CBM 16}) (10. Bg5 $5 Re8 11. Rd2
h6 12. Bh4 Nf8 13. c5 $1 $14 {Kozul,Z-Lobron,E Vidmar mem 1989 CBM 14}) 10...
Re8 11. b4 Bf8 12. dxe5 Nxe5 13. Nxe5 dxe5 14. c5 Be6 15. Bg5 Be7 16. Na4 Rad8
$10 17. Be3 Rxd1+ 18. Rxd1 Rd8 19. f3 Rxd1+ 20. Qxd1 Qd8 21. Qc1 Nd7 22. Nb2
Nf8 23. Nd3 Qc7 24. Qc3 f6 25. g3 Qd7 26. f4 exf4 27. gxf4 Bd8 28. f5 Bf7 29.
Nf2 Bc7 30. Bc4 Qe7 31. Qb3 Bxc4 32. Qxc4+ Qf7 33. Qxf7+ Kxf7 {Ribli} 1/2-1/2

[Event "URS-sf Moscow-ch"]
[Site "Moscow"]
[Date "1989.??.??"]
[Round "?"]
[White "Krasenkow, Michal"]
[Black "Balashov, Yuri S"]
[Result "1-0"]
[WhiteElo "2505"]
[BlackElo "2535"]
[Annotator "Ribli,Z"]
[PlyCount "93"]
[EventDate "1989.11.??"]
[EventType "tourn"]
[EventRounds "7"]
[EventCountry "URS"]
[EventCategory "10"]
[SourceTitle "CBM 016"]
[Source "ChessBase"]
[SourceDate "1990.06.01"]
[SourceVersion "1"]
[SourceVersionDate "1990.06.01"]
[SourceQuality "1"]

1. d4 Nf6 2. c4 d6 3. Nc3 Nbd7 4. e4 e5 5. Nf3 Be7 6. Be2 c6 7. O-O O-O 8. Qc2
a6 9. Rd1 Qc7 10. d5 $6 (10. Bg5 $5 Re8 11. Rd2 h6 12. Bh4 Nf8 13. c5 $1 exd4
14. cxd6 Bxd6 15. Bxf6 $1 dxc3 16. Bxc3 {Kozul,Z-Lobron,E  Vidmar-mem 1989 CBM/
14  +/=}) 10... Rb8 11. Ne1 Re8 12. Be3 Nf8 13. b4 {13.Rac1!?} cxd5 14. exd5
Ng4 15. Bxg4 Bxg4 16. f3 Bh5 17. c5 Bg6 18. Qd2 Qd7 19. Nd3 Rbc8 20. cxd6 Bxd6
21. Nc5 Qe7 22. N3e4 Bxe4 23. fxe4 Rc7 24. Rac1 Rec8 25. a3 Nd7 $2 {25...h6!?}
26. Nxb7 $1 Nf6 27. Rxc7 Rxc7 28. Nxd6 Qxd6 29. Bc5 Qd7 30. Qb2 Qe8 31. h3 Nd7
32. Rc1 Qb8 33. Qe2 Qc8 34. Kh2 a5 35. Qg4 axb4 36. axb4 g6 37. Qh4 h5 38. d6
Rb7 39. Qe7 Qf8 40. Qxf8+ Kxf8 41. Be3 Rxb4 42. Rc7 Nf6 43. Bc5 Rb8 44. d7+ Kg7
45. Be7 Nxd7 46. Rxd7 Rb6 47. Rd6 1-0

[Event "Alushta3"]
[Site "Alushta"]
[Date "1994.??.??"]
[Round "9"]
[White "Epelbaum, Maksim"]
[Black "Zagrebelny, Sergey"]
[Result "0-1"]
[WhiteElo "2305"]
[BlackElo "2510"]
[Annotator "Ribli,Z"]
[PlyCount "84"]
[EventDate "1994.??.??"]
[EventType "tourn"]
[EventRounds "11"]
[EventCountry "UKR"]
[EventCategory "8"]
[SourceTitle "CBM 041"]
[Source "ChessBase"]
[SourceDate "1994.08.01"]
[SourceVersion "1"]
[SourceVersionDate "1994.08.01"]
[SourceQuality "1"]

1. d4 Nf6 2. c4 d6 3. Nc3 Nbd7 4. Nf3 e5 5. e4 Be7 6. Be2 O-O 7. O-O c6 8. Re1
a6 9. a3 b5 10. b4 Qc7 (10... Bb7 11. dxe5 $1 Nxe5 12. Nxe5 dxe5 13. Be3 $14 {
Gheorghiu,F-Trois,F/Baden Baden/1983/INF36,97/}) (10... Re8 $5 11. h3 Bf8 12.
cxb5 exd4 $5 13. Nxd4 cxb5 14. Bg5 h6 15. Bh4 Bb7 16. f3 Ne5 $1 $10 {Buturin,
V-Malaniuk,V/USSR/INF37,(81)/}) 11. Bb2 bxc4 12. dxe5 (12. Bxc4 a5 (12... exd4
13. Nxd4 Ne5 14. Bf1 $14) 13. b5 cxb5 14. Bxb5 Bb7 15. d5 Nc5 16. a4 $14) 12...
dxe5 13. Bxc4 a5 14. b5 cxb5 15. Nd5 $6 (15. Bxb5 Bb7 16. a4 (16. Bxd7 $5)
16... Nc5 $13) 15... Nxd5 16. Bxd5 Ra6 17. Rc1 Qb8 18. Qd3 (18. Re2 $5) 18...
Bc5 19. Re2 Rf6 20. Rec2 Qb6 21. Qd2 Re8 22. Rxc5 $2 (22. Bxe5 Nxe5 $1 (22...
Rxf3 $6 23. Rxc5 Nxc5 24. gxf3 Rxe5 25. Qd4 Qg6+ 26. Kf1 Bh3+ 27. Ke2 $14) 23.
Rxc5 Nxf3+ 24. gxf3 Bh3 25. Rc6 Rg6+ 26. Kh1 Bg2+ 27. Kg1 Bxf3+ 28. Kf1 $17)
22... Nxc5 23. Nxe5 Be6 $1 24. Bd4 Bxd5 25. Rxc5 (25. exd5 Nb3 $19) 25... Bxe4
$1 26. Nd7 Qd6 27. Nxf6+ gxf6 28. Rc1 Rd8 29. Rd1 Qxa3 $19 30. f3 Bg6 31. h4
Qa4 32. Kf2 h5 33. Ke3 Qb3+ 34. Kf2 b4 35. Rc1 Qd5 36. Rd1 b3 37. Qb2 a4 38.
Rd2 Qa5 39. Bc3 Qc5+ 40. Bd4 Rxd4 $1 41. Rxd4 a3 42. Qd2 b2 0-1